000 00617nam a2200229Ia 4500
003 OSt
005 20220928104607.0
006 a|||||r|||| 00| 0
007 ta
008 220927b |||||||| |||| 00| 0 eng d
024 _a53611
037 _cTextual
040 _aSDCL
_cSDCL
_beng
041 _2eng
_aeng
082 _aO152,8:g, N0
100 _aDesai Bapoorao
_9411196
245 0 _aHindi vyangya vidha
_b Shastra aur Itihas.
260 _aKanpur
_bChintan Prakashna
_c1990
300 _a292p.
_ccm.
942 _hO152,8:g, N0
_cTEXL
_2CC
999 _c726865
_d726865